000
00331nam a2200145Ia 4500
008
100122s9999 xx 000 0 und d
082
_b
36436
_a
823
100
_a
EDSON J T
245
_a
SLIP GUN
260
_b
TRANSWORLD PUBLISHERS LIMITED
_c
1905
300
_a
175
630
_a
SLIP GUN
730
_a
SLIP GUN
942
_c
BOOK
999
_c
371461
_d
371458